Countries Infected with Zika Virus - Statistics

General Stats
  • This quiz has been taken 83 times
  • The average score is 31 of 43
Answer Stats
Region Country % Correct
North America, Caribbean Overseas Territories United States
95%
South America Brazil
93%
South America Argentina
92%
Caribbean Cuba
89%
North America Mexico
88%
South America Colombia
86%
South America Peru
86%
South America Venezuela
85%
Caribbean Haiti
84%
North America Honduras
84%
South America Paraguay
84%
South America Bolivia
82%
Caribbean Dominica
82%
North America Panama
82%
North America Costa Rica
81%
South America Ecuador
81%
North America El Salvador
81%
Caribbean Barbados
79%
North America Belize
79%
Caribbean Dominican Republic
79%
South America Guyana
79%
Caribbean Jamaica
79%
Caribbean The Bahamas
78%
Caribbean Antigua and Barbuda
77%
Oceania Fiji
77%
North America Guatemala
77%
South America Suriname
75%
Caribbean St. Lucia
74%
Caribbean Grenada
71%
Oceania Tonga
71%
North America Nicaragua
70%
Caribbean St. Vincent and the Grenadines
66%
Oceania Micronesia
63%
Caribbean St. Kitts and Nevis
63%
Oceania Samoa
60%
Caribbean Overseas Territories United Kingdom
59%
Caribbean Overseas Territories, South America France
58%
Oceania Marshall Islands
58%
Oceania Papua New Guinea
51%
Caribbean Trinidad and Tobago
48%
Southeast Asia Singapore
41%
West Africa Cape Verde
32%
Caribbean Overseas Territories The Netherlands
32%
No matching quizzes found
Score Distribution
Percent of People with Each Score
Percentile by Number Answered
Your Score History
You have not taken this quiz